[Event "DEM U18w 2023"]
[Site "Willingen GER"]
[Date "2023.05.29"]
[Round "3"]
[White "Gröschel, Karoline"]
[Black "Doll, Rebecca"]
[Result "1-0"]
[Termination "normal"]
[Board "1"]
[WhiteElo "1892"]
[BlackElo "1918"]
[WhiteClock "00:03:48"]
[BlackClock "00:03:45"]
[PlyCount "123"]
[WhiteFideId "34610537"]
[BlackFideId "16236890"]
[EventCountry "GER"]
[EventRounds "9"]
[EventType "swiss"]
[EventDate "2023.05.27"]

1. e4 {[%clk 01:30:58]} {[%emt 00:00:02]} e5 {[%clk 01:30:57]} {[%emt
00:00:05]} 2. Nf3 {[%clk 01:31:24]} {[%emt 00:00:05]} Nc6 {[%clk 01:31:23]}
{[%emt 00:00:07]} 3. Bb5 {[%clk 01:31:52]} {[%emt 00:00:05]} a6 {[%clk
01:31:49]} {[%emt 00:00:06]} 4. Ba4 {[%clk 01:32:19]} {[%emt 00:00:06]} Nf6
{[%clk 01:32:13]} {[%emt 00:00:08]} 5. O-O {[%clk 01:32:46]} {[%emt 00:00:05]}
Be7 {[%clk 01:32:36]} {[%emt 00:00:09]} 6. Re1 {[%clk 01:33:13]} {[%emt
00:00:05]} b5 {[%clk 01:33:01]} {[%emt 00:00:06]} 7. Bb3 {[%clk 01:33:41]}
{[%emt 00:00:02]} d6 {[%clk 01:33:20]} {[%emt 00:00:12]} 8. c3 {[%clk
01:34:08]} {[%emt 00:00:02]} O-O {[%clk 01:33:33]} {[%emt 00:00:13]} 9. h3
{[%clk 01:34:36]} Bb7 {[%clk 01:33:52]} {[%emt 00:00:08]} 10. d4 {[%clk
01:35:01]} {[%emt 00:00:04]} Re8 {[%clk 01:34:00]} {[%emt 00:00:10]} 11. Nbd2
{[%clk 01:35:04]} {[%emt 00:00:26]} Bf8 {[%clk 01:33:39]} {[%emt 00:00:51]} 12.
a4 {[%clk 01:35:10]} {[%emt 00:00:24]} Na5 {[%clk 01:33:29]} {[%emt 00:00:40]}
13. Bc2 {[%clk 01:33:20]} {[%emt 00:02:20]} b4 {[%clk 01:30:52]} {[%emt
00:03:08]} 14. d5 {[%clk 01:14:04]} {[%emt 00:19:45]} bxc3 {[%clk 01:31:14]}
{[%emt 00:00:08]} 15. bxc3 {[%clk 01:14:28]} {[%emt 00:00:05]} c6 {[%clk
01:31:16]} {[%emt 00:00:29]} 16. c4 {[%clk 01:09:54]} {[%emt 00:05:04]} Qc7
{[%clk 01:26:46]} {[%emt 00:04:59]} 17. Bd3 {[%clk 01:07:21]} {[%emt 00:03:02]}
Reb8 {[%clk 01:10:35]} {[%emt 00:16:42]} 18. Nf1 {[%clk 00:57:09]} {[%emt
00:10:41]} h6 {[%clk 01:07:23]} {[%emt 00:03:42]} 19. Be3 {[%clk 00:55:13]}
{[%emt 00:02:26]} Bc8 {[%clk 00:52:54]} {[%emt 00:15:00]} 20. N3d2 {[%clk
00:43:18]} {[%emt 00:12:25]} Rb4 {[%clk 00:41:56]} {[%emt 00:11:28]} 21. Qc2
{[%clk 00:28:15]} {[%emt 00:15:06]} Rab8 {[%clk 00:33:07]} {[%emt 00:09:45]}
22. Reb1 {[%clk 00:27:04]} {[%emt 00:01:41]} c5 {[%clk 00:30:24]} {[%emt
00:03:14]} 23. f4 {[%clk 00:22:43]} {[%emt 00:04:50]} Nd7 {[%clk 00:25:42]}
{[%emt 00:05:12]} 24. f5 {[%clk 00:21:40]} {[%emt 00:01:32]} Be7 {[%clk
00:25:23]} {[%emt 00:00:50]} 25. Nh2 {[%clk 00:17:42]} {[%emt 00:04:28]} Qd8
{[%clk 00:23:43]} {[%emt 00:02:10]} 26. Nhf3 {[%clk 00:17:56]} {[%emt
00:00:16]} Nf8 {[%clk 00:22:38]} {[%emt 00:01:35]} 27. Rxb4 {[%clk 00:16:08]}
{[%emt 00:02:18]} Rxb4 {[%clk 00:21:34]} {[%emt 00:01:34]} 28. Rb1 {[%clk
00:15:30]} {[%emt 00:01:07]} Qb6 {[%clk 00:21:16]} {[%emt 00:00:48]} 29. Rxb4
{[%clk 00:13:41]} {[%emt 00:02:20]} Qxb4 {[%clk 00:21:39]} {[%emt 00:00:06]}
30. Nb1 {[%clk 00:13:32]} {[%emt 00:00:40]} Qb3 {[%clk 00:12:06]} {[%emt
00:10:03]} 31. Qxb3 {[%clk 00:08:48]} {[%emt 00:05:14]} Nxb3 {[%clk 00:12:33]}
{[%emt 00:00:03]} 32. Bc2 {[%clk 00:06:07]} {[%emt 00:03:12]} Nd4 {[%clk
00:11:30]} {[%emt 00:01:32]} 33. Bd1 {[%clk 00:04:32]} {[%emt 00:02:05]} Nd7
{[%clk 00:08:23]} {[%emt 00:03:37]} 34. a5 {[%clk 00:03:14]} {[%emt 00:01:47]}
Nf6 {[%clk 00:07:06]} {[%emt 00:01:47]} 35. Bxd4 {[%clk 00:00:53]} {[%emt
00:02:53]} cxd4 {[%clk 00:06:45]} {[%emt 00:00:51]} 36. Bc2 {[%clk 00:00:58]}
{[%emt 00:00:25]} Bd8 {[%clk 00:06:10]} {[%emt 00:01:04]} 37. c5 {[%clk
00:01:00]} {[%emt 00:00:29]} dxc5 {[%clk 00:05:01]} {[%emt 00:01:40]} 38. Nxe5
{[%clk 00:01:06]} {[%emt 00:00:23]} Bxa5 {[%clk 00:04:54]} {[%emt 00:00:37]}
39. Nc6 {[%clk 00:00:55]} {[%emt 00:00:42]} d3 {[%clk 00:01:22]} {[%emt
00:04:02]} 40. Bxd3 {[%clk 00:00:49]} {[%emt 00:00:35]} c4 {[%clk 00:01:13]}
{[%emt 00:00:39]} 41. Nxa5 {[%clk 00:26:56]} {[%emt 00:04:23]} cxd3 {[%clk
00:29:20]} {[%emt 00:02:23]} 42. Nd2 {[%clk 00:26:55]} {[%emt 00:00:30]} Kf8
{[%clk 00:22:59]} {[%emt 00:06:52]} 43. Kf2 {[%clk 00:26:50]} {[%emt 00:00:35]}
Bd7 {[%clk 00:18:09]} {[%emt 00:05:21]} 44. Ke3 {[%clk 00:25:48]} {[%emt
00:01:32]} Bb5 {[%clk 00:18:05]} {[%emt 00:00:34]} 45. Nac4 {[%clk 00:25:13]}
{[%emt 00:01:04]} Ke7 {[%clk 00:14:42]} {[%emt 00:03:54]} 46. Kxd3 {[%clk
00:24:30]} {[%emt 00:01:12]} a5 {[%clk 00:14:21]} {[%emt 00:00:51]} 47. Kd4
{[%clk 00:24:14]} {[%emt 00:00:46]} a4 {[%clk 00:13:18]} {[%emt 00:01:34]} 48.
g4 {[%clk 00:23:44]} {[%emt 00:00:59]} Nd7 {[%clk 00:09:56]} {[%emt 00:03:52]}
49. e5 {[%clk 00:23:01]} {[%emt 00:01:12]} Ba6 {[%clk 00:05:57]} {[%emt
00:04:31]} 50. d6+ {[%clk 00:20:22]} {[%emt 00:03:08]} Ke8 {[%clk 00:05:25]}
{[%emt 00:01:02]} 51. e6 {[%clk 00:19:58]} {[%emt 00:00:53]} Nf6 {[%clk
00:05:10]} {[%emt 00:00:45]} 52. Ne5 {[%clk 00:18:51]} {[%emt 00:01:37]} fxe6
{[%clk 00:04:34]} {[%emt 00:01:07]} 53. fxe6 {[%clk 00:19:14]} {[%emt
00:00:07]} Bb7 {[%clk 00:04:16]} {[%emt 00:00:49]} 54. Kc5 {[%clk 00:13:58]}
{[%emt 00:05:43]} Bd5 {[%clk 00:03:33]} {[%emt 00:01:15]} 55. d7+ {[%clk
00:13:55]} {[%emt 00:00:38]} Ke7 {[%clk 00:03:21]} {[%emt 00:00:39]} 56. Nc6+
{[%clk 00:13:15]} {[%emt 00:01:08]} Bxc6 {[%clk 00:03:36]} {[%emt 00:00:15]}
57. Kxc6 {[%clk 00:13:34]} {[%emt 00:00:10]} a3 {[%clk 00:03:30]} {[%emt
00:00:36]} 58. h4 {[%clk 00:08:58]} {[%emt 00:05:06]} g5 {[%clk 00:03:56]}
{[%emt 00:00:04]} 59. h5 {[%clk 00:07:34]} {[%emt 00:01:55]} a2 {[%clk
00:03:52]} {[%emt 00:00:33]} 60. Nb3 {[%clk 00:07:57]} {[%emt 00:00:07]} Kd8
{[%clk 00:03:56]} {[%emt 00:00:26]} 61. Kd6 {[%clk 00:05:47]} {[%emt 00:02:41]}
Ne4+ {[%clk 00:03:45]} {[%emt 00:00:40]} 62. Kd5 {[%clk 00:03:48]} {[%emt
00:02:29]} *

[Event "DEM U18w 2023"]
[Site "Willingen GER"]
[Date "2023.05.29"]
[Round "3"]
[White "Albayrak, Nese Pinar"]
[Black "Reuter, Elisa"]
[Result "1-0"]
[Termination "normal"]
[Board "4"]
[BlackTitle "WCM"]
[WhiteElo "1763"]
[BlackElo "1944"]
[WhiteClock "00:03:05"]
[BlackClock "00:11:38"]
[PlyCount "131"]
[WhiteFideId "16255259"]
[BlackFideId "12995444"]
[EventCountry "GER"]
[EventRounds "9"]
[EventType "swiss"]
[EventDate "2023.05.27"]

1. e4 {[%clk 01:30:57]} {[%emt 00:00:04]} c5 {[%clk 01:30:58]} {[%emt
00:00:04]} 2. Nf3 {[%clk 01:31:22]} {[%emt 00:00:07]} Nc6 {[%clk 01:31:25]}
{[%emt 00:00:06]} 3. d4 {[%clk 01:31:43]} {[%emt 00:00:14]} cxd4 {[%clk
01:31:52]} {[%emt 00:00:06]} 4. Nxd4 {[%clk 01:32:09]} {[%emt 00:00:06]} Nf6
{[%clk 01:32:18]} {[%emt 00:00:05]} 5. Nc3 {[%clk 01:32:29]} {[%emt 00:00:11]}
e5 {[%clk 01:32:43]} {[%emt 00:00:07]} 6. Ndb5 {[%clk 01:32:48]} {[%emt
00:00:12]} d6 {[%clk 01:33:09]} {[%emt 00:00:03]} 7. Bg5 {[%clk 01:31:55]}
{[%emt 00:01:02]} a6 {[%clk 01:33:33]} {[%emt 00:00:06]} 8. Na3 {[%clk
01:32:18]} {[%emt 00:00:07]} b5 {[%clk 01:33:59]} {[%emt 00:00:04]} 9. Nd5
{[%clk 01:32:36]} {[%emt 00:00:12]} Be7 {[%clk 01:34:19]} {[%emt 00:00:10]} 10.
Bxf6 {[%clk 01:30:23]} {[%emt 00:02:43]} Bxf6 {[%clk 01:34:43]} {[%emt
00:00:06]} 11. c3 {[%clk 01:26:00]} {[%emt 00:04:53]} Rb8 {[%clk 01:35:03]}
{[%emt 00:00:10]} 12. Nc2 {[%clk 01:21:46]} {[%emt 00:04:44]} Bg5 {[%clk
01:35:03]} {[%emt 00:00:30]} 13. Be2 {[%clk 01:15:56]} {[%emt 00:06:20]} O-O
{[%clk 01:32:37]} {[%emt 00:02:56]} 14. O-O {[%clk 01:12:11]} {[%emt 00:04:15]}
Be6 {[%clk 01:26:29]} {[%emt 00:06:39]} 15. Bf3 {[%clk 01:04:09]} {[%emt
00:08:32]} a5 {[%clk 01:19:31]} {[%emt 00:07:27]} 16. Nce3 {[%clk 01:00:40]}
{[%emt 00:03:59]} Ne7 {[%clk 01:15:48]} {[%emt 00:04:13]} 17. Qd3 {[%clk
00:55:24]} {[%emt 00:05:46]} Bxe3 {[%clk 01:01:33]} {[%emt 00:14:44]} 18. Nxe3
{[%clk 00:51:34]} {[%emt 00:04:21]} Qc7 {[%clk 00:56:57]} {[%emt 00:05:07]} 19.
Bg4 {[%clk 00:46:33]} {[%emt 00:05:31]} Bc4 {[%clk 00:49:29]} {[%emt 00:07:58]}
20. Nxc4 {[%clk 00:46:05]} {[%emt 00:00:58]} bxc4 {[%clk 00:49:52]} {[%emt
00:00:07]} 21. Qd2 {[%clk 00:41:47]} {[%emt 00:04:47]} Rb6 {[%clk 00:45:06]}
{[%emt 00:05:16]} 22. Rab1 {[%clk 00:33:41]} {[%emt 00:08:36]} Rfb8 {[%clk
00:27:28]} {[%emt 00:18:08]} 23. Rfd1 {[%clk 00:27:41]} {[%emt 00:06:30]} a4
{[%clk 00:23:16]} {[%emt 00:04:43]} 24. Qc2 {[%clk 00:24:48]} {[%emt 00:03:23]}
Qc6 {[%clk 00:20:31]} {[%emt 00:03:15]} 25. Be2 {[%clk 00:20:51]} {[%emt
00:04:27]} h6 {[%clk 00:17:28]} {[%emt 00:03:33]} 26. f4 {[%clk 00:17:37]}
{[%emt 00:03:44]} Qc5+ {[%clk 00:12:23]} {[%emt 00:05:36]} 27. Kh1 {[%clk
00:17:31]} {[%emt 00:00:35]} a3 {[%clk 00:11:54]} {[%emt 00:00:59]} 28. fxe5
{[%clk 00:11:12]} {[%emt 00:06:49]} dxe5 {[%clk 00:10:51]} {[%emt 00:01:33]}
29. b4 {[%clk 00:05:00]} {[%emt 00:06:42]} cxb3 {[%clk 00:11:05]} {[%emt
00:00:16]} 30. axb3 {[%clk 00:05:24]} {[%emt 00:00:06]} Rf6 {[%clk 00:03:00]}
{[%emt 00:08:35]} 31. Rf1 {[%clk 00:05:00]} {[%emt 00:00:54]} Rbb6 {[%clk
00:02:41]} {[%emt 00:00:49]} 32. Ra1 {[%clk 00:03:46]} {[%emt 00:01:44]} Ng6
{[%clk 00:01:51]} {[%emt 00:01:20]} 33. Bc4 {[%clk 00:00:43]} {[%emt 00:03:32]}
Rbd6 {[%clk 00:00:46]} {[%emt 00:01:35]} 34. Rxf6 {[%clk 00:00:32]} {[%emt
00:00:41]} Rxf6 {[%clk 00:01:11]} {[%emt 00:00:06]} 35. Rf1 {[%clk 00:00:49]}
{[%emt 00:00:13]} Qe3 {[%clk 00:00:42]} {[%emt 00:00:59]} 36. Rxf6 {[%clk
00:00:44]} {[%emt 00:00:36]} gxf6 {[%clk 00:01:07]} {[%emt 00:00:04]} 37. g3
{[%clk 00:00:34]} {[%emt 00:00:40]} a2 {[%clk 00:01:00]} {[%emt 00:00:37]} 38.
Qxa2 {[%clk 00:00:34]} {[%emt 00:00:30]} Qxc3 {[%clk 00:01:08]} {[%emt
00:00:22]} 39. Qa8+ {[%clk 00:00:38]} {[%emt 00:00:26]} Kg7 {[%clk 00:01:32]}
{[%emt 00:00:06]} 40. Qd5 {[%emt 00:00:35]} Nh8 {[%clk 00:01:10]} {[%emt
00:00:50]} 41. Qd3 {[%clk 00:23:30]} {[%emt 00:07:35]} Qe1+ {[%clk 00:30:17]}
{[%emt 00:01:23]} 42. Kg2 {[%clk 00:22:25]} {[%emt 00:01:35]} Ng6 {[%clk
00:29:55]} {[%emt 00:00:52]} 43. Qd5 {[%clk 00:20:47]} {[%emt 00:02:08]} Nh8
{[%clk 00:30:13]} {[%emt 00:00:12]} 44. h4 {[%clk 00:16:20]} {[%emt 00:04:57]}
h5 {[%clk 00:30:00]} {[%emt 00:00:43]} 45. Qd3 {[%clk 00:13:58]} {[%emt
00:02:52]} Ng6 {[%clk 00:29:53]} {[%emt 00:00:37]} 46. Qe2 {[%clk 00:14:07]}
{[%emt 00:00:21]} Qxe2+ {[%clk 00:26:44]} {[%emt 00:03:39]} 47. Bxe2 {[%clk
00:14:32]} {[%emt 00:00:05]} Kh6 {[%clk 00:26:53]} {[%emt 00:00:21]} 48. Kf2
{[%clk 00:10:03]} {[%emt 00:04:59]} Ne7 {[%clk 00:26:39]} {[%emt 00:00:44]} 49.
Bc4 {[%clk 00:10:04]} {[%emt 00:00:29]} Kg6 {[%clk 00:26:50]} {[%emt 00:00:19]}
50. Bd5 {[%clk 00:09:09]} {[%emt 00:01:24]} Nc8 {[%clk 00:12:30]} {[%emt
00:14:49]} 51. Kf3 {[%clk 00:06:55]} {[%emt 00:02:45]} Nd6 {[%clk 00:11:54]}
{[%emt 00:01:05]} 52. Bc6 {[%clk 00:05:54]} {[%emt 00:01:31]} f5 {[%clk
00:11:47]} {[%emt 00:00:37]} 53. b4 {[%clk 00:05:16]} {[%emt 00:01:08]} fxe4+
{[%clk 00:12:04]} {[%emt 00:00:13]} 54. Bxe4+ {[%clk 00:05:11]} {[%emt
00:00:35]} f5 {[%clk 00:11:12]} {[%emt 00:01:30]} 55. Bc6 {[%clk 00:04:46]}
{[%emt 00:00:46]} Nc4 {[%clk 00:10:01]} {[%emt 00:01:41]} 56. Be8+ {[%clk
00:03:35]} {[%emt 00:01:41]} Kh6 {[%clk 00:10:19]} {[%emt 00:00:12]} 57. Bf7
{[%clk 00:03:12]} {[%emt 00:00:53]} Nb6 {[%clk 00:10:23]} {[%emt 00:00:26]} 58.
b5 {[%clk 00:03:00]} {[%emt 00:00:42]} Na8 {[%clk 00:10:09]} {[%emt 00:00:44]}
59. Bd5 {[%clk 00:03:11]} {[%emt 00:00:19]} Nb6 {[%clk 00:10:34]} {[%emt
00:00:04]} 60. Bf7 {[%clk 00:03:31]} {[%emt 00:00:09]} Na8 {[%clk 00:10:53]}
{[%emt 00:00:12]} 61. Ke3 {[%clk 00:03:05]} {[%emt 00:00:56]} Nb6 {[%clk
00:11:18]} {[%emt 00:00:04]} 62. Kd3 {[%clk 00:03:03]} {[%emt 00:00:32]} Na8
{[%clk 00:10:48]} {[%emt 00:01:00]} 63. Kc4 {[%clk 00:03:14]} {[%emt 00:00:19]}
f4 {[%clk 00:10:52]} {[%emt 00:00:26]} 64. gxf4 {[%clk 00:03:21]} {[%emt
00:00:23]} exf4 {[%clk 00:11:18]} {[%emt 00:00:04]} 65. Kd4 {[%clk 00:03:15]}
{[%emt 00:00:35]} Nb6 {[%clk 00:11:38]} {[%emt 00:00:11]} 66. Ke4 {[%clk
00:03:05]} {[%emt 00:00:40]} 1-0

[Event "DEM U18w 2023"]
[Site "Willingen GER"]
[Date "2023.05.29"]
[Round "3"]
[White "Buchholz, Maja"]
[Black "Petersen, Sophie"]
[Result "1-0"]
[Termination "normal"]
[Board "5"]
[WhiteElo "1899"]
[BlackElo "1763"]
[WhiteClock "00:05:13"]
[BlackClock "00:06:31"]
[PlyCount "127"]
[WhiteFideId "16200500"]
[BlackFideId "16229380"]
[EventCountry "GER"]
[EventRounds "9"]
[EventType "swiss"]
[EventDate "2023.05.27"]

1. c4 {[%clk 01:30:57]} {[%emt 00:00:03]} e5 {[%clk 01:30:56]} {[%emt
00:00:08]} 2. g3 {[%clk 01:31:20]} {[%emt 00:00:09]} Nc6 {[%clk 01:31:14]}
{[%emt 00:00:21]} 3. Bg2 {[%clk 01:31:40]} {[%emt 00:00:13]} Bc5 {[%clk
01:31:03]} {[%emt 00:00:40]} 4. Nc3 {[%clk 01:31:48]} {[%emt 00:00:16]} d6
{[%clk 01:30:40]} {[%emt 00:00:40]} 5. e3 {[%clk 01:31:21]} {[%emt 00:00:58]}
a6 {[%clk 01:30:40]} {[%emt 00:00:30]} 6. Nge2 {[%clk 01:31:11]} {[%emt
00:00:39]} Nf6 {[%clk 01:30:19]} {[%emt 00:00:51]} 7. b3 {[%clk 01:30:26]}
{[%emt 00:01:15]} O-O {[%clk 01:29:54]} {[%emt 00:00:54]} 8. Bb2 {[%clk
01:28:12]} {[%emt 00:02:44]} Ba7 {[%clk 01:25:45]} {[%emt 00:04:39]} 9. O-O
{[%clk 01:26:18]} {[%emt 00:02:24]} Bf5 {[%clk 01:25:54]} {[%emt 00:00:21]} 10.
d4 {[%clk 01:22:40]} {[%emt 00:04:08]} exd4 {[%clk 01:25:24]} {[%emt 00:01:00]}
11. Nxd4 {[%clk 01:21:38]} {[%emt 00:01:32]} Nxd4 {[%clk 01:25:47]} {[%emt
00:00:07]} 12. exd4 {[%clk 01:21:49]} {[%emt 00:00:19]} Rb8 {[%clk 01:23:00]}
{[%emt 00:03:17]} 13. Qd2 {[%clk 01:09:36]} {[%emt 00:12:43]} Qd7 {[%clk
01:21:56]} {[%emt 00:01:35]} 14. Rfe1 {[%clk 01:08:54]} {[%emt 00:01:11]} b5
{[%clk 01:16:09]} {[%emt 00:06:17]} 15. Nd5 {[%clk 00:55:27]} {[%emt 00:13:57]}
Nxd5 {[%clk 01:12:26]} {[%emt 00:04:12]} 16. cxd5 {[%clk 00:54:24]} {[%emt
00:01:33]} Rfe8 {[%clk 01:06:41]} {[%emt 00:06:14]} 17. Rac1 {[%clk 00:43:17]}
{[%emt 00:11:37]} Bb6 {[%clk 00:58:40]} {[%emt 00:08:32]} 18. f3 {[%clk
00:34:10]} {[%emt 00:09:37]} Rxe1+ {[%clk 00:49:34]} {[%emt 00:09:35]} 19. Qxe1
{[%clk 00:33:49]} {[%emt 00:00:52]} Re8 {[%clk 00:48:17]} {[%emt 00:01:47]} 20.
Qd2 {[%clk 00:31:48]} {[%emt 00:02:31]} Qe7 {[%clk 00:43:38]} {[%emt 00:05:08]}
21. Kf2 {[%clk 00:30:21]} {[%emt 00:01:56]} Bd7 {[%clk 00:36:35]} {[%emt
00:07:34]} 22. f4 {[%clk 00:22:02]} {[%emt 00:08:49]} Qf6 {[%clk 00:34:04]}
{[%emt 00:03:01]} 23. Bf3 {[%clk 00:20:27]} {[%emt 00:02:04]} h6 {[%clk
00:30:23]} {[%emt 00:04:12]} 24. Kg2 {[%clk 00:16:51]} {[%emt 00:04:06]} Qf5
{[%clk 00:22:33]} {[%emt 00:08:20]} 25. Bc3 {[%clk 00:13:04]} {[%emt 00:04:17]}
Qf6 {[%clk 00:20:01]} {[%emt 00:03:02]} 26. Rd1 {[%clk 00:10:52]} {[%emt
00:02:41]} g5 {[%clk 00:16:27]} {[%emt 00:04:05]} 27. fxg5 {[%clk 00:07:53]}
{[%emt 00:03:30]} Qxg5 {[%clk 00:15:52]} {[%emt 00:01:04]} 28. Qxg5+ {[%clk
00:03:26]} {[%emt 00:04:58]} hxg5 {[%clk 00:16:16]} {[%emt 00:00:06]} 29. g4
{[%clk 00:02:54]} {[%emt 00:01:02]} f6 {[%clk 00:15:25]} {[%emt 00:01:20]} 30.
Kf2 {[%clk 00:03:01]} {[%emt 00:00:24]} a5 {[%clk 00:13:57]} {[%emt 00:01:57]}
31. Rd3 {[%clk 00:02:10]} {[%emt 00:01:21]} b4 {[%clk 00:13:37]} {[%emt
00:00:50]} 32. Bb2 {[%clk 00:02:28]} {[%emt 00:00:12]} Kg7 {[%clk 00:11:13]}
{[%emt 00:02:54]} 33. Re3 {[%clk 00:02:05]} {[%emt 00:00:53]} Rxe3 {[%clk
00:07:01]} {[%emt 00:04:42]} 34. Kxe3 {[%clk 00:02:25]} {[%emt 00:00:11]} a4
{[%clk 00:06:40]} {[%emt 00:00:50]} 35. h3 {[%clk 00:01:48]} {[%emt 00:01:07]}
a3 {[%clk 00:04:43]} {[%emt 00:02:28]} 36. Bc1 {[%clk 00:02:14]} {[%emt
00:00:04]} Bb5 {[%clk 00:05:01]} {[%emt 00:00:11]} 37. Bg2 {[%clk 00:01:38]}
{[%emt 00:01:06]} Kg6 {[%clk 00:04:57]} {[%emt 00:00:34]} 38. Be4+ {[%clk
00:01:47]} {[%emt 00:00:22]} Kf7 {[%clk 00:04:40]} {[%emt 00:00:46]} 39. Bd2
{[%clk 00:01:43]} {[%emt 00:00:35]} Ba5 {[%clk 00:04:48]} {[%emt 00:00:22]} 40.
Bg2 {[%clk 00:01:52]} {[%emt 00:00:21]} Kg6 {[%clk 00:03:53]} {[%emt 00:01:25]}
41. Be4+ {[%clk 00:30:16]} {[%emt 00:02:05]} Kf7 {[%clk 00:34:05]} {[%emt
00:00:19]} 42. Bd3 {[%clk 00:28:25]} {[%emt 00:02:22]} Bd7 {[%clk 00:29:03]}
{[%emt 00:05:32]} 43. Kf3 {[%clk 00:23:05]} {[%emt 00:05:49]} c6 {[%clk
00:23:26]} {[%emt 00:06:07]} 44. Bc4 {[%clk 00:14:29]} {[%emt 00:09:06]} Ke7
{[%clk 00:21:10]} {[%emt 00:02:46]} 45. dxc6 {[%clk 00:13:35]} {[%emt
00:01:24]} Bxc6+ {[%clk 00:21:29]} {[%emt 00:00:11]} 46. d5 {[%clk 00:13:56]}
{[%emt 00:00:09]} Bd7 {[%clk 00:21:29]} {[%emt 00:00:29]} 47. Bd3 {[%clk
00:10:11]} {[%emt 00:04:15]} Kf7 {[%clk 00:20:47]} {[%emt 00:01:12]} 48. Ke4
{[%clk 00:07:54]} {[%emt 00:02:47]} Bb6 {[%clk 00:15:45]} {[%emt 00:05:32]} 49.
Bxb4 {[%clk 00:08:00]} {[%emt 00:00:24]} Bc5 {[%clk 00:16:08]} {[%emt
00:00:07]} 50. Bd2 {[%clk 00:06:08]} {[%emt 00:02:22]} Ke7 {[%clk 00:10:51]}
{[%emt 00:05:47]} 51. b4 {[%clk 00:06:24]} {[%emt 00:00:14]} Bb6 {[%clk
00:09:12]} {[%emt 00:02:09]} 52. Bc1 {[%clk 00:06:43]} {[%emt 00:00:11]} f5+
{[%clk 00:05:37]} {[%emt 00:04:05]} 53. gxf5 {[%clk 00:04:14]} {[%emt
00:03:00]} Kf6 {[%clk 00:05:58]} {[%emt 00:00:08]} 54. Kf3 {[%clk 00:04:30]}
{[%emt 00:00:13]} Bxf5 {[%clk 00:05:11]} {[%emt 00:01:17]} 55. Bxf5 {[%clk
00:04:04]} {[%emt 00:00:56]} Kxf5 {[%clk 00:05:36]} {[%emt 00:00:05]} 56. Bxa3
{[%clk 00:04:31]} {[%emt 00:00:03]} Ke5 {[%clk 00:05:56]} {[%emt 00:00:10]} 57.
Bc1 {[%clk 00:04:12]} {[%emt 00:00:48]} Bd8 {[%clk 00:05:46]} {[%emt 00:00:41]}
58. a4 {[%clk 00:03:28]} {[%emt 00:01:14]} Kxd5 {[%clk 00:06:01]} {[%emt
00:00:15]} 59. a5 {[%clk 00:03:42]} {[%emt 00:00:16]} Kc4 {[%clk 00:06:20]}
{[%emt 00:00:11]} 60. a6 {[%clk 00:03:39]} {[%emt 00:00:34]} Bb6 {[%clk
00:06:14]} {[%emt 00:00:36]} 61. Be3 {[%clk 00:04:06]} {[%emt 00:00:04]} Kb5
{[%clk 00:06:32]} {[%emt 00:00:12]} 62. Bxb6 {[%clk 00:04:22]} {[%emt
00:00:14]} Kxb6 {[%clk 00:06:55]} {[%emt 00:00:06]} 63. b5 {[%clk 00:04:51]}
{[%emt 00:00:02]} d5 {[%clk 00:06:31]} {[%emt 00:00:53]} 64. Ke3 {[%clk
00:05:13]} {[%emt 00:00:07]} 1-0